LIBRARY & INFORMATION CENTRE, KCAET, TAVANUR

ONLINE PUBLIC ACCESS CATALOGUE (OPAC)

Soil erosion and conservation / (Record no. 8694)

MARC details
000 -LEADER
fixed length control field 00489cam a2200193ua 4500
020 ## - INTERNATIONAL STANDARD BOOK NUMBER
ISBN 81 224 0305 0
041 ## - LANGUAGE CODE
Language code of text/sound track or separate title eng
082 ## - DEWEY DECIMAL CLASSIFICATION NUMBER
Classification number 631.45
Item number tri/so
100 ## - MAIN ENTRY--AUTHOR NAME
Personal name Tripathi, R P .
245 ## - TITLE STATEMENT
Title Soil erosion and conservation /
250 ## - EDITION STATEMENT
Edition statement 1 /
260 ## - PUBLICATION, DISTRIBUTION, ETC. (IMPRINT)
Place of publication New Delhi :
Name of publisher Wiley Eastern Ltd ,
Year of publication 1993.
300 ## - PHYSICAL DESCRIPTION
Number of Pages 305 ; .
700 1# - ADDED ENTRY--PERSONAL NAME
Personal name Singh, H P .
942 ## - ADDED ENTRY ELEMENTS (KOHA)
Koha item type Books
Holdings
Withdrawn status Lost status Damaged status Home library Current library Date acquired Full call number Accession Number Koha item type Shelving location
      KAUAET KAUAET 07/04/2012 631.45 18415 Books  
      KAUAET KAUAET 14/09/2018 631.45 tri/so 18980 Book Bank scheme for SC students Scheme
free website counter